Aprendo a pensar desarrollando mi inteligencia : (Record no. 84802)

MARC details
000 -CABECERA
campo de control de longitud fija 00839cam a2200241 a 4500
005 - FECHA Y HORA DE LA ÚLTIMA TRANSACCIÓN
campo de control 20240902063639.0
008 - ELEMENTOS DE LONGITUD FIJA--INFORMACIÓN GENERAL
campo de control de longitud fija 010903s2000 mx a r 000 0 spa d
020 ## - NÚMERO INTERNACIONAL NORMALIZADO PARA LIBROS
Número Internacional Estándar del Libro 8472782107
035 ## - NÚMERO DE CONTROL DEL SISTEMA
Número de control de sistema UPN01000110893
040 ## - FUENTE DE LA CATALOGACIÓN
Centro catalogador/agencia de origen MX-MxUPN
Lengua de catalogación spa
Centro/agencia transcriptor MX-MxUPN
049 ## - COLECCIÓN
Colección LT
050 14 - SIGNATURA TOPOGRÁFICA DE LA BIBLIOTECA DEL CONGRESO
Número de clasificación LB1555 E5.5
Número de documento/Ítem A6.7
245 00 - MENCIÓN DE TÍTULO
Título Aprendo a pensar desarrollando mi inteligencia :
Resto del título 5 /
Mención de responsabilidad, etc. Departamento de Investigación del ICCE ; il. Javier Aznar Serrano.
260 ## - PUBLICACIÓN, DISTRIBUCIÓN, ETC.
Lugar de publicación, distribución, etc. Madrid :
Nombre del editor, distribuidor, etc. ICCE,
Lugar de publicación, distribución, etc. 1999.
300 ## - DESCRIPCIÓN FÍSICA
Extensión 139 p., 2 h. :
Otras características físicas il. col.
440 #0 - MENCIÓN DE SERIE/ASIENTO SECUNDARIO--TÍTULO
Título APDI
650 #2 - ASIENTO SECUNDARIO DE MATERIA - TERMINO TEMATICO
Término de materia o nombre geográfico como elemento de entrada Desarrollo intelectual
9 (RLIN) 9159
650 #2 - ASIENTO SECUNDARIO DE MATERIA - TERMINO TEMATICO
Término de materia o nombre geográfico como elemento de entrada Desarrollo cognoscitivo
9 (RLIN) 5390
650 #4 - ASIENTO SECUNDARIO DE MATERIA - TERMINO TEMATICO
Término de materia o nombre geográfico como elemento de entrada INTELIGENCIA -
Subdivisión de forma PROBLEMAS, EJERCICIOS, ETC.
9 (RLIN) 8358
710 2# - ASIENTO SECUNDARIO - NOMBRE CORPORATIVO
9 (RLIN) 44289
Nombre de entidad corporativa o nombre de jurisdicción como elemento de entrada Instituto Calazans de Ciencias de la Educación.
Unidad subordinada Departamento de Investigación
905 ## - TIPO DE MATERIAL
Tipo de material Libro
942 ## - ELEMENTOS DE PUNTO DE ACCESO ADICIONAL (KOHA)
Fuente del sistema de clasificación o colocación Library of Congress Classification
Tipo de ítem Koha Libro
Holdings
Estado de retiro Estado de pérdida Fuente del sistema de clasificación o colocación Estado dañado No para préstamo Código de colección Localización permanente Ubicación/localización actual Ubicación en estantería Fecha de adquisición Clasificación Código de barras Fecha visto por última vez Número de copia Tipo de ítem Koha
    Library of Congress Classification   Coleccion LT Libros de texto Bib. Gregorio Torres Quintero Bib. Gregorio Torres Quintero Libros de Texto 27/04/2022 LB1555 E5.5 A6.7 203753 31/12/2020 Ej.3 Libro
    Library of Congress Classification   Coleccion LT Libros de texto Bib. Gregorio Torres Quintero Bib. Gregorio Torres Quintero Libros de Texto 27/04/2022 LB1555 E5.5 A6.7 203752 31/12/2020 Ej.2 Libro
    Library of Congress Classification   Coleccion LT Libros de texto Bib. Gregorio Torres Quintero Bib. Gregorio Torres Quintero Libros de Texto 27/04/2022 LB1555 E5.5 A6.7 203754 31/12/2020 Ej.4 Libro
    Library of Congress Classification   Coleccion LT Libros de texto Bib. Gregorio Torres Quintero Bib. Gregorio Torres Quintero Libros de Texto 27/04/2022 LB1555 E5.5 A6.7 191028 31/12/2020   Libro